00838nam a2200181 a 450000100100000000500170001000800410002704000250006810000320009324500750012526000630020030000210026370000330028495201050031795201110042295201060053399900170063900004503420201002045824.0150129s199u xxu 000 0 spa d aDO-SdBNPbspacBNPHU1 aCannan Graves, Helen97303610aConoce tu biblia. /cHelen Cannan Graves; traducción, Floreal Ureta. aEl Paso, Texas, EE. UU. :bCasa bautista de publicaciones. a116 p. ;c17 cm.1 aUreta, Florealetrad.938378 001050718MOaGRbGRcCTd2015-01-29iLF1l0o p45034-10r2020-06-25w2020-06-25y1ZNo se presta 001050718MOaGRbGRcCTd2015-01-29iLF1l0o p45034-20r2020-06-25te. 2w2020-06-25y1ZNo se presta 0010507-18MOaPDbPDcOId2015-01-29iLF1l0o p45035-10r2020-06-25w2020-06-25y1ZNo se presta c44523d44523